Statistics for Zoomed In Country Flags #3

Click here to take the quiz!

General Stats

  • This quiz has been taken 68 times
    (48 since last reset)
  • The average score is 8 of 8

Answer Stats

Answer% Correct
Brazil
98%
France
98%
Israel
98%
Mexico
98%
Spain
98%
Turkey
98%
Finland
95%
Chile
83%

Score Distribution

Percentile by Number Answered

Percent of People with Each Score

Your Score History

You have not taken this quiz since the last reset